[Event "Hallstahammar op"]
[Site "Hallstahammar"]
[Date "2004.09.10"]
[Round "1"]
[White "Janse, Rasmus"]
[Black "Engman, Rolf"]
[Result "1-0"]
[WhiteElo "1946"]
[BlackElo "1440"]
[PlyCount "52"]
[EventDate "2004.09.10"]
[EventType "swiss"]
[EventRounds "8"]
[EventCountry "SWE"]
[SourceTitle "EXT 2005"]
[Source "ChessBase"]
[SourceDate "2004.11.15"]
[SourceVersion "1"]
[SourceVersionDate "2004.11.15"]
[SourceQuality "1"]

1. d4 d5 2. c4 e6 3. Nc3 Nf6 4. Bg5 Be7 5. Nf3 c6 6. e3 Ne4 7. Bxe7 Qxe7 8. Qc2 Nxc3 9. bxc3 0-0 10. Bd3 f5 11. cxd5 cxd5 12. 0-0 Nd7 13. Rab1 Nf6 14. c4 Ne4 15. Bxe4 fxe4 16. Ne5 Rb8 17. f3 Qg5 18. Qe2 b6 19. fxe4 dxe4 20. Rxf8+ Kxf8 21. Qf2+ Qf6 22. Rf1 Qxf2+ 23. Rxf2+ Ke8 24. Rf7 Rb7 25. Rxb7 Bxb7 26. Kf2 Ke7 1-0